| 000 | 00834cam a2200253 a 4500 | ||
|---|---|---|---|
| 999 |
_c173025 _d173025 |
||
| 001 | 3916486 | ||
| 003 | Nust | ||
| 005 | 20180713050824.0 | ||
| 008 | 911028s1991 onc 000 1 eng c | ||
| 010 | _a 91209980 | ||
| 020 |
_a9781853813955 _cRs. 460 |
||
| 038 | _aArshad | ||
| 040 |
_aMH _cMH _dDLC |
||
| 050 | 0 | 0 |
_aPR9199.3.A8 _bW54 1991b |
| 082 | 0 | 0 |
_a813.54 _bATW |
| 100 | 1 |
_aAtwood, Margaret, _d1939- _911630 |
|
| 245 | 1 | 0 |
_aWilderness tips / _cMargaret Atwood. |
| 260 |
_aToronto, Ont. : _bM & S, _c1991. |
||
| 300 |
_a247 p. ; _c25 cm. |
||
| 856 | 4 | 2 |
_3Contributor biographical information _uhttp://www.loc.gov/catdir/bios/random056/91209980.html |
| 856 | 4 | 2 |
_3Publisher description _uhttp://www.loc.gov/catdir/description/random0411/91209980.html |
| 906 |
_a7 _bcbc _corignew _du _encip _f19 _gy-gencatlg |
||
| 942 |
_2ddc _cBK |
||